TV Actors - Statistics

General Stats
  • This quiz has been taken 8 times
  • The average score is 4 of 20
Answer Stats
Tv Show Tv Show Actor % Correct
How I Met Your Mother Doogie Howser, M.D. Neil Patrick Harris
88%
24 Designated Survivor Kiefer Sutherland
63%
Friends American Crime Story David Schwimmer
50%
Veronica Mars The Good Place Kristen Bell
50%
Modern Family Griselda Sofia Vergara
50%
Firefly The Rookie Nathan Fillion
38%
Superstore Ugly Betty America Ferrera
25%
Brothers and Sisters Ally McBeal Calista Flockhart
25%
Big Little Lies The Secret Life of the American Teenager Shailene Woodley
25%
Army Wives This is Us Sterling K. Brown
13%
Arrested Development Search Party Alia Shawkat
0%
Freaks and Geeks Dead to Me Aubrey Plaza
0%
Crazy Ex-Girlfriend The Hunting Wives Brittany Snow
0%
The L Word Palm Royale Carol Burnett
0%
Community Love Gillian Jacobs
0%
30 Rock The Unbreakable Kimmy Schmidt Jane Krakoswki
0%
I Love LA Nobody Wants This Leighton Meester
0%
King of the Hill Better Things Pamela Adlon
0%
Derry Girls The Decameron Saoirse Monica Jackson
0%
Girls The Flight Attendant Zosia Mamet
0%
No matching quizzes found
Score Distribution
Percent of People with Each Score
Percentile by Number Answered
Your Score History
You have not taken this quiz